[Event "Corr"]
[Site "?"]
[Date "1998.??.??"]
[Round "?"]
[White "Holmberg Rune"]
[Black "Bachmann Andreas"]
[Result "1/2-1/2"]
[WhiteElo "2567"]
[BlackElo "2635"]
[PlyCount "58"]
[EventDate "1998.??.??"]
[Source "www.chesslib.no"]
[SourceDate "2004.05.04"]

1. d4 Nf6 2. c4 g6 3. Nc3 d5 4. cxd5 Nxd5 5. e4 Nxc3 6. bxc3 Bg7 7. Bc4 c5 8. Ne2 Nc6 9. Be3 O-O 10. O-O Bg4 11. f3 Na5 12. Bxf7+ Rxf7 13. fxg4 Rxf1+ 14. Kxf1 cxd4 15. cxd4 e5 16. d5 Nc4 17. Bf2 Qf6 18. Kg1 Rf8 19. Bxa7 b6 20. Kh1 Ne3 21. Qg1 Bh6 22. Rb1 Nc4 23. Ng3 Be3 24. Qd1 Bd4 25. g5 Qxg5 26. d6 Rf7 27. Qd3 Ne3 28. Qa6 Ng4 29. Bxb6 Nf2+ 1/2-1/2

[Event "Corr"]
[Site "?"]
[Date "2002.09.15"]
[Round "?"]
[White "Mercadal Benejam Josep (ESP)"]
[Black "Soberano Joaquin Pedro (POR)"]
[Result "0-1"]
[WhiteElo "2571"]
[BlackElo "2587"]
[PlyCount "94"]
[EventDate "2002.??.??"]
[Source "www.chesslib.no"]
[SourceDate "2004.05.04"]

1. d4 Nf6 2. c4 g6 3. Nc3 d5 4. cxd5 Nxd5 5. e4 Nxc3 6. bxc3 Bg7 7. Bc4 c5 8. Ne2 Nc6 9. Be3 O-O 10. O-O Bg4 11. f3 Na5 12. Bxf7+ Rxf7 13. fxg4 Rxf1+ 14. Kxf1 cxd4 15. cxd4 e5 16. d5 Nc4 17. Qd3 Nxe3+ 18. Qxe3 Qh4 19. Rb1 Bh6 20. Qd3 Qxh2 21. Qh3 Rf8+ 22. Ke1 Qxh3 23. gxh3 b6 24. Rb3 Bg5 25. Rc3 Be7 26. a3 b5 27. Rb3 a6 28. Kd2 Rf1 29. Rd3 Bd6 30. Kc2 Kf7 31. Kb3 Ke7 32. Ng3 Rf2 33. Nh1 Rf4 34. Ng3 Bc5 35. a4 bxa4+ 36. Kxa4 Bf2 37. d6+ Kd7 38. Ka5 Bxg3 39. Rxg3 Rxe4 40. Kxa6 Rd4 41. Kb5 Kxd6 42. Ra3 e4 43. Ra8 Ke5 44. Re8+ Kf4 45. Rf8+ Ke3 46. Ra8 Kd3 47. Ra3+ Ke2 0-1

[Event "USA (ch) 83/470"]
[Site "?"]
[Date "2002.??.??"]
[Round "?"]
[White "Kaidanov, G."]
[Black "Kudrin, S."]
[Result "1/2-1/2"]
[WhiteElo "2596"]
[BlackElo "2524"]
[PlyCount "62"]
[EventDate "2002.??.??"]
[Source "Chess Informant"]
[SourceDate "2001.10.01"]

1. d4 Nf6 2. c4 g6 3. Nc3 d5 4. cxd5 Nxd5 5. e4 Nxc3 6. bxc3 Bg7 7. Bc4 c5 8. Ne2 Nc6 9. Be3 O-O 10. O-O Bg4 11. f3 Na5 12. Bxf7+ Rxf7 13. fxg4 Rxf1+ 14. Kxf1 cxd4 15. cxd4 e5 16. Kg1 Rc8 17. d5 Nc4 18. Bxa7 b6 19. d6 Kh8 20. Qd3 Bh6 21. d7 Rc7 22. Rd1 Bd2 23. Kh1 Qxd7 24. Qxd7 Rxd7 25. Bb8 Rd8 26. Bc7 Rd7 27. Bb8 Kg8 28. Ng1 Rd8 29. Bc7 Rd7 30. Bb8 Rd8 31. Bc7 Rd7 1/2-1/2

[Event "Corr"]
[Site "?"]
[Date "2002.06.15"]
[Round "?"]
[White "Makarov Aleksandr Arkadyevi"]
[Black "Shikalov Andrei Viktorovich"]
[Result "1-0"]
[WhiteElo "2601"]
[BlackElo "2500"]
[PlyCount "89"]
[EventDate "2002.??.??"]
[Source "www.chesslib.no"]
[SourceDate "2004.05.04"]

1. d4 Nf6 2. c4 g6 3. Nc3 d5 4. cxd5 Nxd5 5. e4 Nxc3 6. bxc3 Bg7 7. Bc4 c5 8. Ne2 Nc6 9. Be3 O-O 10. O-O Bg4 11. f3 Na5 12. Bxf7+ Rxf7 13. fxg4 Rxf1+ 14. Kxf1 cxd4 15. cxd4 e5 16. Kg1 Rc8 17. d5 Nc4 18. Bf2 Nd6 19. Ng3 Bh6 20. Qa4 a6 21. Rb1 Rc4 22. Qa3 Bf4 23. Bb6 Qd7 24. Rf1 Ra4 25. Qb3 Nc4 26. d6 Kg7 27. Ne2 Nxb6 28. Nxf4 exf4 29. Qxb6 Rxe4 30. Qb2+ Kf7 31. Qd2 b5 32. Rd1 Kf8 33. Qd5 Re6 34. g5 Re8 35. Qd4 Kg8 36. Qxf4 Qa7+ 37. Kh1 Qd7 38. h3 Qe6 39. Qd4 Rd8 40. Kg1 Rd7 41. Qc5 Kg7 42. Qc3+ Kg8 43. Qc8+ Kg7 44. Kh1 Qf5 45. Qe8 1-0

[Event "Erevan ARM"]
[Site "Erevan ARM"]
[Date "1976.??.??"]
[Round "3"]
[White "Grigoryan, Karen A"]
[Black "Smejkal, Jan"]
[Result "1/2-1/2"]
[WhiteElo "2485"]
[BlackElo "2615"]
[PlyCount "76"]
[EventDate "1976.??.??"]
[Source "www.chesslib.no"]
[SourceDate "2004.05.04"]

1. d4 Nf6 2. c4 g6 3. Nc3 d5 4. cxd5 Nxd5 5. e4 Nxc3 6. bxc3 Bg7 7. Bc4 c5 8. Ne2 O-O 9. O-O Nc6 10. Be3 Na5 11. Bd3 b6 12. Rc1 cxd4 13. cxd4 e6 14. Qd2 Bb7 15. Bh6 Qe7 16. Bxg7 Kxg7 17. f4 Rac8 18. f5 Rxc1 19. Qxc1 exf5 20. exf5 Rc8 21. Qf4 Rc6 22. Be4 Rf6 23. Qe5 Qd6 24. g4 Bxe4 25. Qxe4 Nc4 26. Qd3 Ne5 27. Qh3 Nc6 28. g5 Rxf5 29. Qh6+ Kg8 30. Rxf5 Nxd4 31. Rf2 Nxe2+ 32. Rxe2 Qd4+ 33. Kf1 Qf4+ 34. Rf2 Qc4+ 35. Ke1 Qc1+ 36. Ke2 Qc2+ 37. Kf3 Qd3+ 38. Kg2 Qd5+ 1/2-1/2

[Event "Budapest"]
[Site "?"]
[Date "1998.??.??"]
[Round "?"]
[White "Peter Ambrus"]
[Black "Leko Peter"]
[Result "0-1"]
[WhiteElo "2405"]
[BlackElo "2670"]
[PlyCount "64"]
[EventDate "1998.??.??"]
[Source "www.chesslib.no"]
[SourceDate "2004.05.04"]

1. d4 Nf6 2. c4 g6 3. Nc3 d5 4. cxd5 Nxd5 5. e4 Nxc3 6. bxc3 Bg7 7. Bc4 c5 8. Ne2 Nc6 9. Be3 O-O 10. O-O Bg4 11. f3 Na5 12. Bxf7+ Rxf7 13. fxg4 Rxf1+ 14. Kxf1 cxd4 15. cxd4 e5 16. Rc1 b5 17. dxe5 Nc4 18. Qxd8+ Rxd8 19. Bxa7 Bxe5 20. Nc3 Bxc3 21. Rxc3 Ra8 22. Bc5 Nd2+ 23. Ke2 Nxe4 24. Ra3 Rxa3 25. Bxa3 Nc3+ 26. Kd3 Nxa2 27. Kc2 b4 28. Bb2 Kf7 29. Kb3 Nc3 30. Kxb4 Nd5+ 31. Kc5 Ne3 32. Kd6 Nc4+ 0-1

[Event "Chigorin Memorial"]
[Site "St. Petersburg"]
[Date "2004.10.23"]
[Round "8.2"]
[White "Lutsko, Igor"]
[Black "Belov, Vladimir"]
[Result "1/2-1/2"]
[WhiteElo "2520"]
[BlackElo "2552"]
[PlyCount "86"]
[EventDate "2004.10.15"]
[Source "Roberto Alvarez"]
[SourceDate "2004.11.08"]

1. d4 Nf6 2. c4 g6 3. Nc3 d5 4. cxd5 Nxd5 5. e4 Nxc3 6. bxc3 Bg7 7. Bc4 c5 8. Ne2 Nc6 9. Be3 O-O 10. O-O cxd4 11. cxd4 Na5 12. Bd3 b6 13. Rc1 e6 14. Qa4 Bb7 15. Rfd1 Rc8 16. Rxc8 Qxc8 17. Rc1 Qa8 18. f3 Rc8 19. Kf2 Rxc1 20. Bxc1 Qd8 21. h3 Bc6 22. Qb4 Be8 23. Be3 Nc6 24. Qc3 Bd7 25. Bb5 Na5 26. Bd3 h5 27. Bf4 Ba4 28. Be3 Qd7 29. Ba6 Nc6 30. Bd3 Qd6 31. a3 h4 32. Bc4 b5 33. Ba2 b4 34. axb4 Nxb4 35. Bb1 a5 36. Qc8+ Kh7 37. Qb7 Be8 38. Qa8 Bb5 39. Qxa5 Bxe2 40. e5 Qb8 41. Kxe2 Nd5 42. Bc2 Qb2 43. Qd2 Qa1 1/2-1/2

[Event "Finjub30 GM2"]
[Site "Finjub30 GM2"]
[Date "1992.??.??"]
[Round "?"]
[White "DeMauro, Joseph A"]
[Black "Mallee, Ralph"]
[Result "1-0"]
[WhiteElo "2570"]
[BlackElo "2495"]
[PlyCount "83"]
[EventDate "1992.??.??"]
[Source "www.chesslib.no"]
[SourceDate "2004.05.04"]

1. d4 Nf6 2. c4 g6 3. Nc3 d5 4. cxd5 Nxd5 5. e4 Nxc3 6. bxc3 c5 7. Bc4 Bg7 8. Ne2 cxd4 9. cxd4 O-O 10. O-O Nc6 11. Be3 Na5 12. Bd3 b6 13. Rc1 e6 14. Qd2 Bb7 15. h4 Qd7 16. Bh6 Rfc8 17. Bxg7 Kxg7 18. Qf4 Qe7 19. h5 g5 20. Qe3 h6 21. e5 f5 22. exf6+ Qxf6 23. f4 Rxc1 24. Rxc1 Rc8 25. Rxc8 Bxc8 26. fxg5 hxg5 27. Qg3 Bb7 28. Qc7+ Kf8 29. Qb8+ Kg7 30. Qxa7 Qd8 31. Be4 Qc7 32. Bxb7 g4 33. Qa8 Qxb7 34. Qxb7+ Nxb7 35. Nf4 Nd6 36. Nxe6+ Kh6 37. Nf4 Nf5 38. d5 g3 39. a4 Kg5 40. Ne2 Kf6 41. Nc3 Ke5 42. Kf1 1-0

[Event "Corr"]
[Site "?"]
[Date "1999.07.01"]
[Round "?"]
[White "Esses Marcelo Jorge (ARG)"]
[Black "Leko Peter (HUN)"]
[Result "1/2-1/2"]
[WhiteElo "2350"]
[BlackElo "2701"]
[PlyCount "44"]
[EventDate "1999.??.??"]
[Source "www.chesslib.no"]
[SourceDate "2004.05.04"]

1. d4 Nf6 2. c4 g6 3. Nc3 d5 4. cxd5 Nxd5 5. e4 Nxc3 6. bxc3 Bg7 7. Bc4 c5 8. Ne2 Nc6 9. Be3 O-O 10. O-O Bg4 11. f3 Na5 12. Bxf7+ Rxf7 13. fxg4 Rxf1+ 14. Kxf1 cxd4 15. cxd4 e5 16. d5 Nc4 17. Bf2 Qf6 18. Kg1 Rf8 19. Bc5 Rc8 20. Bf2 Rf8 21. Bc5 Rc8 22. Bf2 Rf8 1/2-1/2

[Event "Balaton Summer GM"]
[Site "?"]
[Date "2002.06.26"]
[Round "7"]
[White "Pinter Jozsef"]
[Black "Konopka Michal"]
[Result "0-1"]
[WhiteElo "2560"]
[BlackElo "2468"]
[PlyCount "84"]
[EventDate "2002.??.??"]
[Source "www.chesslib.no"]
[SourceDate "2004.05.04"]

1. c4 Nf6 2. Nc3 d5 3. cxd5 Nxd5 4. d4 g6 5. e4 Nxc3 6. bxc3 Bg7 7. Bc4 c5 8. Ne2 Nc6 9. Be3 O-O 10. O-O Bg4 11. f3 Na5 12. Bxf7+ Rxf7 13. fxg4 Rxf1+ 14. Kxf1 cxd4 15. cxd4 e5 16. Kg1 Rc8 17. Rb1 exd4 18. Nxd4 Bxd4 19. Bxd4 b6 20. Be3 Qxd1+ 21. Rxd1 Re8 22. Rd7 Nc6 23. Rc7 Rxe4 24. Bh6 Re6 25. Rg7+ Kh8 26. Rf7 Re8 27. h3 Rc8 28. Rb7 Kg8 29. Kh2 b5 30. Kg3 b4 31. Bg5 a5 32. Bf6 a4 33. Kf4 b3 34. axb3 axb3 35. Rg7+ Kf8 36. Rxh7 Rb8 37. Rc7 Nd8 38. Bxd8 b2 39. Be7+ Ke8 40. Bf6 b1=Q 41. Kg5 Rb7 42. Rc8+ Kf7 0-1

[Event "WICC qual Dubai 25'+10"]
[Site "?"]
[Date "2002.03.08"]
[Round "6"]
[White "Rogozenko Dorian"]
[Black "Isaev Jamshed"]
[Result "1-0"]
[WhiteElo "2530"]
[BlackElo "2455"]
[PlyCount "105"]
[EventDate "2002.??.??"]
[Source "www.chesslib.no"]
[SourceDate "2004.05.04"]

1. d4 Nf6 2. c4 g6 3. Nc3 d5 4. cxd5 Nxd5 5. e4 Nxc3 6. bxc3 Bg7 7. Bc4 c5 8. Ne2 Nc6 9. Be3 O-O 10. O-O Bg4 11. f3 Na5 12. Bxf7+ Rxf7 13. fxg4 Rxf1+ 14. Kxf1 cxd4 15. cxd4 e5 16. Kg1 exd4 17. Bxd4 Bxd4+ 18. Nxd4 Qg5 19. Nf3 Qe3+ 20. Kh1 Qxe4 21. Rc1 Qf4 22. Qd5+ Kh8 23. Rb1 Qc7 24. Ng5 Re8 25. Rf1 Nc6 26. h3 Nd8 27. Qd4+ Qg7 28. Qxa7 h6 29. Qa4 Qe7 30. Nf3 Nc6 31. g5 h5 32. Qb3 Rf8 33. Re1 Qd7 34. Qe6 Qxe6 35. Rxe6 Kh7 36. Nh4 Rg8 37. Kh2 Rg7 38. Kg3 Nd8 39. Rf6 Nf7 40. Nf3 Nh8 41. Rb6 Re7 42. Nd4 Nf7 43. Ne6 Ne5 44. Nc5 Nf7 45. Rxb7 Rxb7 46. Nxb7 Nxg5 47. a4 Ne6 48. a5 Nd4 49. a6 Nc6 50. Kf4 Kg7 51. Kg5 Na7 52. Nc5 Kf7 53. h4 1-0

[Event "Bischwiller-A"]
[Site "Bischwiller"]
[Date "1999.07.07"]
[Round "5"]
[White "Chabanon, Jean Luc"]
[Black "Horvath, Csaba"]
[Result "1-0"]
[WhiteElo "2456"]
[BlackElo "2509"]
[PlyCount "97"]
[EventDate "1999.07.??"]
[Source "www.chesslib.no"]
[SourceDate "2004.05.04"]

1. d4 Nf6 2. c4 g6 3. Nc3 d5 4. cxd5 Nxd5 5. e4 Nxc3 6. bxc3 Bg7 7. Bc4 c5 8. Ne2 Nc6 9. Be3 O-O 10. O-O Bg4 11. f3 Na5 12. Bxf7+ Rxf7 13. fxg4 Rxf1+ 14. Kxf1 cxd4 15. cxd4 e5 16. dxe5 Bxe5 17. Qxd8+ Rxd8 18. Rc1 Nc6 19. Rb1 Rd7 20. g3 a6 21. Nf4 b5 22. Rc1 Ne7 23. Ke2 Rc7 24. Rxc7 Bxc7 25. Ne6 Be5 26. Bf4 Nc6 27. Bxe5 Nxe5 28. Nc7 a5 29. Nxb5 Nxg4 30. h3 Ne5 31. Ke3 Kf7 32. Nd4 a4 33. Nf3 Nc6 34. Kd2 Ke6 35. Kc3 g5 36. e5 Nxe5 37. Nxe5 Kxe5 38. Kb4 h5 39. Kxa4 Ke4 40. Kb4 Kf3 41. a4 Kxg3 42. a5 Kxh3 43. a6 g4 44. a7 g3 45. a8=Q g2 46. Qf3+ Kh4 47. Qf2+ Kh3 48. Kc3 h4 49. Qg1 1-0

[Event "Bermuda Open"]
[Site "Bermuda BER"]
[Date "1989.??.??"]
[Round "?"]
[White "Schroer, Jonathan"]
[Black "Kudrin, Sergey"]
[Result "0-1"]
[WhiteElo "2400"]
[BlackElo "2550"]
[PlyCount "58"]
[EventDate "1989.??.??"]
[Source "www.chesslib.no"]
[SourceDate "2004.05.04"]

1. d4 Nf6 2. c4 g6 3. Nc3 d5 4. cxd5 Nxd5 5. e4 Nxc3 6. bxc3 Bg7 7. Bc4 c5 8. Ne2 O-O 9. O-O Nc6 10. Be3 Bg4 11. f3 Na5 12. Bxf7+ Rxf7 13. fxg4 Rxf1+ 14. Kxf1 cxd4 15. cxd4 Qc8 16. h3 Qc4 17. Qd2 Qa6 18. Qc2 Nc4 19. Bf2 Rf8 20. Kg1 Bh6 21. h4 Nd2 22. Nc3 Rxf2 23. Kxf2 Qf6+ 24. Kg3 Be3 25. Qd3 Qxd4 26. Qb5 Bf4+ 27. Kxf4 Qf2+ 28. Ke5 Qf6+ 29. Kd5 Qd6# 0-1

[Event "Chigorin mem"]
[Site "?"]
[Date "1977.??.??"]
[Round "11"]
[White "Rashkovsky Nukhim N"]
[Black "Panchenko Alexander N"]
[Result "1/2-1/2"]
[WhiteElo "2510"]
[BlackElo "2435"]
[PlyCount "39"]
[EventDate "1977.??.??"]
[Source "www.chesslib.no"]
[SourceDate "2004.05.04"]

1. d4 Nf6 2. c4 g6 3. Nc3 d5 4. cxd5 Nxd5 5. e4 Nxc3 6. bxc3 Bg7 7. Bc4 O-O 8. Ne2 Nc6 9. O-O b6 10. Be3 Bb7 11. Qd2 Na5 12. Bd3 c5 13. Bh6 cxd4 14. Bxg7 Kxg7 15. cxd4 Rc8 16. Rac1 Qd7 17. d5 e6 18. Nf4 exd5 19. Nh5+ gxh5 20. Qg5+ 1/2-1/2

[Event "DSU"]
[Site "?"]
[Date "1997.05.20"]
[Round "?"]
[White "Sande Oystein"]
[Black "Hagstroem Allan (SWE)"]
[Result "1/2-1/2"]
[WhiteElo "2530"]
[BlackElo "2410"]
[PlyCount "117"]
[EventDate "1997.??.??"]
[Source "www.chesslib.no"]
[SourceDate "2004.05.04"]

1. d4 Nf6 2. c4 g6 3. Nc3 d5 4. cxd5 Nxd5 5. e4 Nxc3 6. bxc3 Bg7 7. Bc4 c5 8. Ne2 O-O 9. O-O Nc6 10. Be3 cxd4 11. cxd4 Bg4 12. f3 Na5 13. Bd5 Bd7 14. Rb1 a6 15. Bxb7 Ra7 16. Bd5 Bb5 17. a4 Bxe2 18. Qxe2 e6 19. Bc4 Bxd4 20. Rfd1 Bxe3+ 21. Qxe3 Rd7 22. Be2 Rxd1+ 23. Rxd1 Qc8 24. Qd4 Qc6 25. Qb4 Qc2 26. Re1 Nc6 27. Qc4 Qxc4 28. Bxc4 a5 29. Kf2 Rb8 30. Bb5 Nd4 31. Rb1 e5 32. Ke3 Nc2+ 33. Kd3 Nd4 34. Kc4 Kg7 35. Kd5 Kf6 36. Kd6 Ne6 37. Kc6 Ke7 38. Rd1 Nd4+ 39. Kc7 Rd8 40. Rc1 Rd6 41. Kb7 Ne6 42. Rc2 Nd8+ 43. Ka7 Ne6 44. h4 h5 45. g4 hxg4 46. fxg4 Rd4 47. Kb6 Rxe4 48. Rc4 Nd4 49. Rc7+ Kd6 50. Rxf7 Rxg4 51. Kxa5 Rxh4 52. Rf6+ Kc5 53. Rxg6 Rh7 54. Ka6 Re7 55. Rh6 e4 56. Rh5+ Kb4 57. Kb6 Nxb5 58. axb5 e3 59. Rh4+ 1/2-1/2

[Event "Olympiad"]
[Site "Dubai (United Arab Emirates)"]
[Date "1986.??.??"]
[Round "?"]
[White "Olafsson, Fridrik"]
[Black "Schmidt, Wlodzimierz"]
[Result "1/2-1/2"]
[WhiteElo "2485"]
[BlackElo "2445"]
[PlyCount "72"]
[EventDate "1986.??.??"]
[Source "www.chesslib.no"]
[SourceDate "2004.05.04"]

1. d4 Nf6 2. c4 g6 3. Nc3 d5 4. cxd5 Nxd5 5. e4 Nxc3 6. bxc3 Bg7 7. Bc4 c5 8. Ne2 Nc6 9. Be3 O-O 10. O-O cxd4 11. cxd4 Bg4 12. f3 Na5 13. Bd5 Bd7 14. Rb1 a6 15. Bxb7 Ra7 16. Bd5 Bb5 17. a4 Bxe2 18. Qxe2 e6 19. Bc4 Bxd4 20. Rfd1 Bxe3+ 21. Qxe3 Rd7 22. Be2 Rxd1+ 23. Rxd1 Qc8 24. e5 Qc6 25. Rd4 Rb8 26. h4 Rb1+ 27. Kh2 Qb6 28. Rd3 Qxe3 29. Rxe3 Ra1 30. Re4 Nb3 31. Rc4 Kg7 32. Kg3 Na5 33. Re4 Nb3 34. Rc4 Na5 35. Re4 Nb3 36. Rc4 Na5 1/2-1/2

[Event "Passau Open"]
[Site "Passau"]
[Date "1995.??.??"]
[Round "?"]
[White "Arbakov, Valentin"]
[Black "Hresc, Vladimir"]
[Result "1-0"]
[WhiteElo "2500"]
[BlackElo "2425"]
[PlyCount "105"]
[EventDate "1995.??.??"]
[Source "www.chesslib.no"]
[SourceDate "2004.05.04"]

1. d4 Nf6 2. c4 g6 3. Nc3 d5 4. cxd5 Nxd5 5. e4 Nxc3 6. bxc3 c5 7. Bc4 Bg7 8. Ne2 O-O 9. O-O cxd4 10. cxd4 Nc6 11. Be3 Na5 12. Bd3 b6 13. Rc1 e6 14. Qa4 Bd7 15. Qa3 Rc8 16. Bd2 Nc6 17. Bc3 Qe7 18. Qxe7 Nxe7 19. Bb4 Rfe8 20. Rxc8 Nxc8 21. Rc1 a5 22. Ba3 Bf8 23. Bxf8 Kxf8 24. Rc7 Rd8 25. f3 Nd6 26. Kf2 Bb5 27. Ke3 Bxd3 28. Kxd3 Nb5 29. Rc4 Ke7 30. a4 Nd6 31. Rc6 Rb8 32. e5 Ne8 33. d5 exd5 34. Nd4 Rb7 35. f4 Kd7 36. g4 b5 37. Rc5 Nc7 38. Nxb5 Ne6 39. Rxd5+ Kc6 40. Kc4 Re7 41. Nd4+ Nxd4 42. Kxd4 Rb7 43. Rxa5 Rb2 44. Ra7 Rxh2 45. Rxf7 Ra2 46. Ra7 Rg2 47. g5 Rh2 48. Ra6+ Kd7 49. a5 Ra2 50. Rd6+ Ke7 51. a6 Ra4+ 52. Kc5 Rxf4 53. a7 1-0

[Event "DSV-Tunier"]
[Site "Leipzig GER"]
[Date "1983.??.??"]
[Round "3"]
[White "Knaak, Rainer F A"]
[Black "Pribyl, Josef"]
[Result "1/2-1/2"]
[WhiteElo "2505"]
[BlackElo "2415"]
[PlyCount "152"]
[EventDate "1983.12.01"]
[Source "www.chesslib.no"]
[SourceDate "2004.05.04"]

1. d4 Nf6 2. c4 g6 3. Nc3 d5 4. cxd5 Nxd5 5. e4 Nxc3 6. bxc3 Bg7 7. Bc4 c5 8. Ne2 Nc6 9. Be3 O-O 10. O-O cxd4 11. cxd4 Bg4 12. f3 Na5 13. Bb5 Bd7 14. Rb1 Bxb5 15. Rxb5 Nc4 16. Bf4 Qd7 17. Rd5 Qe6 18. Qd3 Nb6 19. Ra5 Qc4 20. Qd2 Rfc8 21. Rc1 Qe6 22. Rxc8+ Nxc8 23. Qb4 Qb6 24. Rb5 Qa6 25. Kf1 Bf8 26. Qb3 Nb6 27. Bc7 e6 28. Bxb6 axb6 29. Rxb6 Qa5 30. Rxb7 Qd2 31. Qc3 Qd1+ 32. Qe1 Qxe1+ 33. Kxe1 Rxa2 34. Kf2 Bd6 35. g3 Kf8 36. e5 Be7 37. Ke3 Ke8 38. h4 h5 39. Nc3 Ra3 40. Kd3 Bd8 41. Kc4 Ba5 42. Ne4 Rxf3 43. Kc5 Kf8 44. Kc6 Be1 45. Ng5 Rf5 46. Rb3 Bf2 47. Rd3 Ke7 48. Ne4 Bg1 49. Rd1 Be3 50. Kc7 Bh6 51. Kc6 Rf3 52. Ra1 Kf8 53. Ra8+ Kg7 54. Kd7 Bc1 55. Nf6 Rxf6 56. exf6+ Kxf6 57. Ke8 Be3 58. Ra7 Kf5 59. Ra3 Bxd4 60. Rf3+ Kg4 61. Rf4+ Kxg3 62. Rxd4 f5 63. Kf7 e5 64. Rd1 Kxh4 65. Kxg6 Kg4 66. Rg1+ Kf4 67. Rf1+ Kg4 68. Rg1+ Kf4 69. Kxh5 e4 70. Kh4 Kf3 71. Kh3 e3 72. Rf1+ Ke4 73. Re1 Kf3 74. Rf1+ Ke4 75. Kg3 e2 76. Ra1 Ke3 1/2-1/2

[Event "Bundesliga 1990/91"]
[Site "GER"]
[Date "1990.??.??"]
[Round "?"]
[White "Vogt, Lothar H"]
[Black "Luecke, Norbert"]
[Result "1/2-1/2"]
[WhiteElo "2500"]
[BlackElo "2410"]
[PlyCount "55"]
[EventDate "1990.??.??"]
[Source "www.chesslib.no"]
[SourceDate "2004.05.04"]

1. d4 Nf6 2. c4 g6 3. Nc3 d5 4. cxd5 Nxd5 5. e4 Nxc3 6. bxc3 Bg7 7. Bc4 c5 8. Ne2 Nc6 9. Be3 O-O 10. O-O Bg4 11. f3 Na5 12. Bxf7+ Rxf7 13. fxg4 Rxf1+ 14. Kxf1 cxd4 15. cxd4 e5 16. Rc1 exd4 17. Nxd4 Qe7 18. Qc2 Qd7 19. Qc7 Rf8+ 20. Kg1 Bxd4 21. Qxd7 Bxe3+ 22. Kh1 Bxc1 23. Qd5+ Rf7 24. Qd8+ Kg7 25. Qd4+ Kg8 26. Qd8+ Rf8 27. Qd5+ Rf7 28. Qd8+ 1/2-1/2

[Event "Iit"]
[Site "Donskoj"]
[Date "2002.??.??"]
[Round "10"]
[White "Tishin, Petr"]
[Black "Gusev, Aleksey"]
[Result "1/2-1/2"]
[WhiteElo "2498"]
[BlackElo "2412"]
[PlyCount "80"]
[EventDate "2002.11.??"]
[Source "Roberto Alvarez"]
[SourceDate "2003.02.17"]

1. d4 Nf6 2. c4 g6 3. Nc3 d5 4. cxd5 Nxd5 5. e4 Nxc3 6. bxc3 Bg7 7. Bc4 O-O 8. Ne2 c5 9. O-O Nc6 10. Be3 cxd4 11. cxd4 Bg4 12. f3 Na5 13. Bxf7+ Rxf7 14. fxg4 Rxf1+ 15. Kxf1 e5 16. d5 Nc4 17. Qd3 b5 18. Ng1 Bf8 19. Nf3 Bd6 20. Bf2 Qa5 21. Kg1 Rc8 22. Qe2 a6 23. Rf1 Rf8 24. Ng5 Qd2 25. Qxd2 Nxd2 26. Rc1 Nc4 27. Ne6 Rc8 28. Bh4 a5 29. Kf2 b4 30. Nd8 a4 31. Nc6 b3 32. axb3 axb3 33. Be7 Ra8 34. Bxd6 Nxd6 35. Rb1 Ra2+ 36. Ke1 Rxg2 37. Rxb3 Rxg4 38. Re3 Rxe4 39. Rxe4 Nxe4 40. Nxe5 Kg7 1/2-1/2

[Event "USSR"]
[Site "?"]
[Date "1987.??.??"]
[Round "?"]
[White "Vladimirov, E."]
[Black "Semeniuk, A."]
[Result "1-0"]
[WhiteElo "2525"]
[BlackElo "2380"]
[PlyCount "71"]
[EventDate "1987.??.??"]
[Source "ChessBase"]
[SourceDate "1987.07.01"]

1. d4 Nf6 2. c4 g6 3. Nc3 d5 4. cxd5 Nxd5 5. e4 Nxc3 6. bxc3 c5 7. Bc4 Bg7 8. Ne2 Nc6 9. Be3 O-O 10. O-O Na5 11. Bd3 b6 12. Qd2 Bb7 13. Bh6 cxd4 14. Bxg7 Kxg7 15. cxd4 e6 16. Rac1 Qd7 17. h4 Rac8 18. h5 Rxc1 19. Rxc1 Rc8 20. h6+ Kg8 21. Rxc8+ Qxc8 22. Qg5 Qf8 23. Nf4 f6 24. Qg4 Bc8 25. e5 Qxh6 26. exf6 Kf7 27. Ba6 Bd7 28. d5 Kxf6 29. dxe6 Bc6 30. e7 Kxe7 31. Qe6+ Kf8 32. Qd6+ Kf7 33. Qc7+ Kf6 34. Bc4 Nxc4 35. Qxc6+ Ke5 36. Qd5+ 1-0

[Event "It (Open) Deizisau GER"]
[Site "?"]
[Date "2006.04.??"]
[Round "3"]
[White "Farago Ivan"]
[Black "Brendel Oliver"]
[Result "1/2-1/2"]
[WhiteElo "2534"]
[BlackElo "2364"]
[PlyCount "97"]
[EventDate "2006.??.??"]
[Source "www.chesslib.no"]
[SourceDate "2004.05.04"]

1. d4 Nf6 2. c4 g6 3. Nc3 d5 4. cxd5 Nxd5 5. e4 Nxc3 6. bxc3 c5 7. Bc4 Bg7 8. Ne2 Nc6 9. Be3 O-O 10. O-O Bg4 11. f3 Na5 12. Bxf7+ Rxf7 13. fxg4 Rxf1+ 14. Kxf1 cxd4 15. cxd4 e5 16. Kg1 exd4 17. Bxd4 Bxd4+ 18. Nxd4 b5 19. Kh1 Qd7 20. Nf3 Rd8 21. Qe2 Nc4 22. h3 Qd3 23. Qf2 a5 24. e5 Rf8 25. Re1 Nd2 26. e6 Nxf3 27. e7 Re8 28. Qxf3 Qxf3 29. gxf3 Kf7 30. Re5 Rxe7 31. Rxb5 a4 32. Ra5 Re1+ 33. Kg2 Re2+ 34. Kg3 Rxa2 35. Ra7+ Kg8 36. h4 h6 37. Kf4 Ra3 38. Ke4 Kh8 39. h5 gxh5 40. gxh5 Rb3 41. f4 a3 42. f5 Kg8 43. Ke5 Kf8 44. f6 Rf3 45. Ke6 Re3+ 46. Kf5 Rg3 47. Ra8+ Kf7 48. Ra7+ Kf8 49. Ra8+ 1/2-1/2